000 00744nam a22002057a 4500
999 _c2539
_d2539
003 AR-CdUCM
008 190304b ||||| |||| 00| 0 esp d
020 _a84-7380-254-3
040 _aMUNICIPALIDAD PROVINCIAL DEL CUSCO
_cBIBLIOTECA MUNICIPAL DEL CUSCO
082 _a869.71 /
_bG22
100 _aGarcía Hortelano, Juan
_98997
245 _aGente de Madrid /
260 _aMadrid ;
_bSedmay,
_c1977.
300 _a208 pagina ;
_c18 cm.
505 _aLas horcas caudinas -- Riánsares y el fascista -- Sábado, comida -- La noche anterior ala felicidad -- Marciapiede izquierdo Avenue de Wagram.
650 _aNovelas cortas contemporánea
_98998
650 _aModo de ser y vivir
_98999
942 _2ddc
_cLIBROS
945 _aacrt
_d2019-03-04